LIBRARY ONLINE CATALOGUE

Maskini milionea na hadithi nyingine / (Record no. 12212)

MARC details
000 -LEADER
fixed length control field 00540cam a22001932 4500
001 - CONTROL NUMBER
control field 0000023901
005 - DATE AND TIME OF LATEST TRANSACTION
control field 20151217155235.0
008 - FIXED-LENGTH DATA ELEMENTS--GENERAL INFORMATION
fixed length control field 130415s xx 000 0 eng d
020 ## - INTERNATIONAL STANDARD BOOK NUMBER
International Standard Book Number 0195738056 :
040 ## - CATALOGING SOURCE
Original cataloging agency KABU
Transcribing agency KABU
100 1# - MAIN ENTRY--PERSONAL NAME
Personal name Waliobora, Ken.
-- 0000183675
245 10 - TITLE STATEMENT
Title Maskini milionea na hadithi nyingine /
Statement of responsibility, etc. Ken Waliobora.
250 ## - EDITION STATEMENT
Edition statement 1st ed.
260 ## - PUBLICATION, DISTRIBUTION, ETC. (IMPRINT)
Place of publication, distribution, etc. Nairobi :
Name of publisher, distributor, etc. O. U. P.,
Date of publication, distribution, etc. 2012.
300 ## - PHYSICAL DESCRIPTION
Extent vi, 122 p.
852 1# - LOCATION
-- p360 KES
908 ## - PUT COMMAND PARAMETER (RLIN)
Put command parameter 130415
950 ## - LOCAL HOLDINGS (RLIN)
-- 1
Holdings
Withdrawn status Lost status Source of classification or shelving scheme Not for loan Home library Current library Date acquired Total Checkouts Full call number Barcode Date last seen Date last checked out Price effective from Koha item type
    Library of Congress Classification   Kabarak, Main Campus Kabarak, Main Campus 17/12/2015 1 PL8704 .M37 2012 c. 2 014987 20/02/2017 10/02/2017 17/12/2015 General Collection
    Library of Congress Classification   Kabarak, Main Campus Kabarak, Main Campus 17/12/2015 7 PL8704 .M37 2012 c. 1 014992 21/03/2022 21/03/2022 17/12/2015 Africana Collection